ARRUPE JESUIT UNIVERSITY

CORONAVIRUS -STOP THE SPREAD - CLEAN,DISINFECT,COVER

Chemins de libération / (Record no. 127509)

MARC details
000 -LEADER
fixed length control field 00825nam a2200265 a 4500
001 - CONTROL NUMBER
control field 2558312
003 - CONTROL NUMBER IDENTIFIER
control field ARRUPE
005 - DATE AND TIME OF LATEST TRANSACTION
control field 20180125144127.0
008 - FIXED-LENGTH DATA ELEMENTS--GENERAL INFORMATION
fixed length control field 941020s1991 cg b 001 0 fre
010 ## - LIBRARY OF CONGRESS CONTROL NUMBER
LC control number 94980531
040 ## - CATALOGING SOURCE
Original cataloging agency DLC
Transcribing agency DLC
042 ## - AUTHENTICATION CODE
Authentication code lcode
050 00 - LIBRARY OF CONGRESS CALL NUMBER
Classification number BT30.A4
Item number .B168 1984
300 ## - PHYSICAL DESCRIPTION
Dimensions 21 cm.
100 0# - MAIN ENTRY--PERSONAL NAME
Personal name Bakole wa Ilunga.
9 (RLIN) 38904
245 10 - TITLE STATEMENT
Title Chemins de libération /
Statement of responsibility, etc Bakole wa Ilunga.
250 ## - EDITION STATEMENT
Edition statement 3 éd.
260 ## - PUBLICATION, DISTRIBUTION, ETC. (IMPRINT)
Place of publication, distribution, etc Kananga, Zaïre :
Name of publisher, distributor, etc Troisieme edition,
Date of publication, distribution, etc 1984.
300 ## - PHYSICAL DESCRIPTION
Extent 350 p. ;
504 ## - BIBLIOGRAPHY, ETC. NOTE
Bibliography, etc Includes bibliographical references and index.
650 #0 - SUBJECT ADDED ENTRY--TOPICAL TERM
Topical term or geographic name as entry element Theology, Doctrinal
Geographic subdivision Africa
9 (RLIN) 8574
906 ## - LOCAL DATA ELEMENT F, LDF (RLIN)
a 7
b cbc
c origode
d 3
e ncip
f 19
g y-gencatlg
942 ## - ADDED ENTRY ELEMENTS (KOHA)
Source of classification or shelving scheme Library of Congress Classification
Koha item type Monograph ( Printed materials)
Holdings
Withdrawn status Lost status Source of classification or shelving scheme Damaged status Not for loan Collection code Home library Current library Shelving location Date acquired Total Checkouts Full call number Barcode Date last seen Price effective from Koha item type
    Library of Congress Classification     Main Collection ARRUPE LIBRARY ARRUPE LIBRARY Main Collection 25/01/2018   BT30.A4 .B168 1984 46600000791 25/01/2018 25/01/2018 Monograph ( Printed materials)

 

Arrupe Library. PO Box MP320 Mt Pleasant, Harare, Zimbabwe
263 242 745411|librarian@aju.ac.zw